00404 a2200145 4500010001400000020002300014035002300037037001500060082001600075100001800091245004200109260004200151270004300193300002200236 aENG-88027 c180.00a8190328131 aEN-71560, B-228603 bDBAD / PUB14a372.6521044 aPaliwal, A.K.1 aTeaching of english/cby A.K. Paliwal aJaipurbNeelkanth Pustak Mandirc2007 aA-11, Kumawat Bari, Khatipura,bJaipur a263p.c22cm (pbk)